000 01047nam a2200265Ia 4500
003 OSt
005 20221005105040.0
006 a|||||r|||| 00| 0
007 ta
008 221004b |||||||| |||| 00| 0 hin d
020 _a9789380172323 (pbk)
_cINR 240.00
024 _a37094
037 _b1519, 21/02/2018, Bookwell
_cTextual
040 _aCRL
_cCRL
_bhin
041 _2hin
_ahin
082 _aV5.N, 152Q5
100 _aदेवेश विजय, संपा.
245 0 _aआधुनिक यूरोप का इतिहास
_b आयाम एवं दिशाएं
246 _aĀdhunik yūrop kā itihāsa: āyām evan dishāean
260 _aदिल्ली
_bहिंदी माध्यम कार्यान्वय निदेशालय भारत
_c2015
300 _a968पृ0
_ccm.
650 _aयूरोप-इतिहास
942 _hV5.N, 152Q5
_cTEXL
_2cc
999 _c1014586
_d1014586